[Event "GER-ch U12"]
[Site "Oberhof"]
[Date "2010.05.29"]
[Round "11"]
[White "Kloeckner, Connor"]
[Black "Gerken, Frieso"]
[Result "1-0"]
[WhiteElo "1543"]
[BlackElo "1434"]
[PlyCount "49"]
[EventDate "2010.05.22"]
[EventType "swiss"]
[EventRounds "11"]
[EventCountry "GER"]
[SourceTitle "CBM 136 Extra"]
[Source "ChessBase"]
[SourceDate "2010.07.02"]
[SourceVersion "2"]
[SourceVersionDate "2010.07.15"]
[SourceQuality "1"]

1. d4 d5 2. Nf3 Nf6 3. e3 c5 4. c3 Qc7 5. Bd3 Nc6 6. Nbd2 e5 7. dxe5 Nxe5 8. Nxe5 Qxe5 9. Nf3 Qh5 10. 0-0 Bd6 11. Bb5+ Bd7 12. Bxd7+ Nxd7 13. Re1 0-0-0 14. a4 g5 15. Qxd5 Be7 16. a5 Nf6 17. Qxg5 Qxg5 18. Nxg5 Rhf8 19. e4 h6 20. Nf3 Rh8 21. Ne5 Rh7 22. f3 Bd6 23. Nc4 Kc7 24. Nxd6 Rxd6 25. Bf4 1-0

[Event "GER-ch U12"]
[Site "Oberhof"]
[Date "2010.05.27"]
[Round "8"]
[White "Kloeckner, Connor"]
[Black "Bohnert, Dominik"]
[Result "1-0"]
[WhiteElo "1543"]
[BlackElo "1370"]
[PlyCount "135"]
[EventDate "2010.05.22"]
[EventType "swiss"]
[EventRounds "11"]
[EventCountry "GER"]
[SourceTitle "CBM 136 Extra"]
[Source "ChessBase"]
[SourceDate "2010.07.02"]
[SourceVersion "2"]
[SourceVersionDate "2010.07.15"]
[SourceQuality "1"]

1. d4 d5 2. Nf3 Nf6 3. e3 c5 4. c3 Nc6 5. Bd3 Bg4 6. h3 Bh5 7. Nbd2 e5 8. dxe5 Nxe5 9. Qa4+ Nc6 10. Ne5 c4 11. Bc2 Qc7 12. f4 Bd6 13. Nxc6 bxc6 14. g4 Bxg4 15. hxg4 Nxg4 16. Nf3 Nf6 17. Nd4 Nd7 18. Qxc6 Qxc6 19. Nxc6 h6 20. Bd2 0-0 21. Kf2 Rfc8 22. Nd4 Rab8 23. b4 a5 24. b5 Bc5 25. a4 Nf6 26. Rag1 Kf8 27. Nf5 Ne8 28. Kf3 Rb6 29. Rh2 Rc7 30. Rhg2 f6 31. Nh4 Re6 32. Ng6+ Kg8 33. Bf5 Rb6 34. Rh1 Kf7 35. Rg3 Rbb7 36. Rd1 Rb6 37. Be1 Rd6 38. Bf2 Ba3 39. e4 dxe4+ 40. Ke2 Rxd1 41. Kxd1 Nd6 42. Bh3 e3 43. Bxe3 Ne4 44. Rg1 Nxc3+ 45. Kc2 Nxa4 46. Ra1 Bc5 47. Bxc5 Nxc5 48. f5 Rb7 49. Kc3 Rd7 50. Kxc4 Ne4 51. Re1 Nd2+ 52. Kc5 a4 53. Bg2 a3 54. Bd5+ Rxd5+ 55. Kxd5 a2 56. b6 Nf3 57. Ra1 Ne5 58. Rxa2 Nd7 59. Kc6 Nxb6 60. Kxb6 h5 61. Ra7+ Ke8 62. Rxg7 h4 63. Nxh4 Kf8 64. Rh7 Ke8 65. Kc6 Kd8 66. Ng6 Ke8 67. Kd6 Kd8 68. Rh8# 1-0

[Event "GER-ch U12"]
[Site "Oberhof"]
[Date "2010.05.26"]
[Round "6"]
[White "Kloeckner, Connor"]
[Black "Fluechter, Gregor"]
[Result "1/2-1/2"]
[WhiteElo "1543"]
[BlackElo "1721"]
[PlyCount "135"]
[EventDate "2010.05.22"]
[EventType "swiss"]
[EventRounds "11"]
[EventCountry "GER"]
[SourceTitle "CBM 136 Extra"]
[Source "ChessBase"]
[SourceDate "2010.07.02"]
[SourceVersion "2"]
[SourceVersionDate "2010.07.15"]
[SourceQuality "1"]

1. d4 d5 2. Nf3 Nf6 3. e3 e6 4. Bd3 a6 5. c3 c5 6. a4 Nc6 7. Nbd2 Be7 8. 0-0 0-0 9. Re1 cxd4 10. exd4 Qc7 11. Nf1 Re8 12. Ng3 Bd6 13. Qc2 e5 14. dxe5 Nxe5 15. Nxe5 Bxe5 16. Bg5 Be6 17. Bxf6 Bxf6 18. Bxh7+ Kh8 19. Bd3 Rec8 20. Qe2 Bg5 21. Qh5+ Bh6 22. Bf5 Qb6 23. Re2 d4 24. cxd4 Qxd4 25. Rae1 Qxa4 26. Bxe6 fxe6 27. Rxe6 Qf4 28. R1e3 Rf8 29. Rf3 Qd2 30. Rxf8+ Rxf8 31. Qe2 Qxe2 32. Rxe2 Rd8 33. h3 b5 34. Nf5 Bg5 35. Re6 Rd5 36. g4 Rd1+ 37. Kg2 Rd2 38. Rxa6 Rxb2 39. Rb6 Bf6 40. Rb8+ Kh7 41. h4 g6 42. Rb7+ Kh8 43. Rb6 gxf5 44. Rxf6 fxg4 45. Rf4 b4 46. Rxg4 b3 47. Rb4 Kg7 48. Kf3 Kf6 49. Ke3 Kg6 50. Rb5 Rb1 51. Kd3 b2 52. Kc2 Rc1+ 53. Kxb2 Rf1 54. h5+ Kh6 55. Rf5 Rh1 56. Kc2 Re1 57. Kd3 Re8 58. Kd4 Re2 59. f4 Re8 60. Re5 Rf8 61. Ke4 Rg8 62. Re6+ Kxh5 63. f5 Kg5 64. Ke5 Rg7 65. f6 Rf7 66. Rd6 Kg6 67. Re6 Rf8 68. Re7 1/2-1/2

[Event "GER-ch U12"]
[Site "Oberhof"]
[Date "2010.05.26"]
[Round "7"]
[White "Perske, Thore"]
[Black "Kloeckner, Connor"]
[Result "1-0"]
[WhiteElo "1659"]
[BlackElo "1543"]
[PlyCount "79"]
[EventDate "2010.05.22"]
[EventType "swiss"]
[EventRounds "11"]
[EventCountry "GER"]
[SourceTitle "CBM 136 Extra"]
[Source "ChessBase"]
[SourceDate "2010.07.02"]
[SourceVersion "2"]
[SourceVersionDate "2010.07.15"]
[SourceQuality "1"]

1. e4 c5 2. d3 e6 3. g3 Nc6 4. Bg2 Nf6 5. Nf3 d5 6. Nbd2 Be7 7. 0-0 0-0 8. Re1 d4 9. h3 a6 10. Nh2 e5 11. f4 exf4 12. gxf4 Re8 13. Qf3 Nb4 14. Qd1 Qc7 15. a3 Nc6 16. Qf3 Rd8 17. Re2 Be6 18. Bf1 Qc8 19. f5 Bd7 20. Rg2 Kh8 21. Ng4 Rg8 22. Nc4 Qd8 23. Nxf6 Bxf6 24. Bf4 b5 25. Nd2 Rc8 26. Re1 Qe7 27. Qe2 Bh4 28. Rc1 Ne5 29. Bxe5 Qxe5 30. Nf3 Qf4 31. Rg4 Qxc1 32. Rxh4 f6 33. e5 fxe5 34. Nxe5 Rge8 35. Qh5 Qe3+ 36. Kh1 h6 37. Nxd7 Qf2 38. Bg2 Re1+ 39. Kh2 Qf4+ 40. Rxf4 1-0

[Event "GER-ch U12"]
[Site "Oberhof"]
[Date "2010.05.23"]
[Round "1"]
[White "Sherif, Amina"]
[Black "Kloeckner, Connor"]
[Result "0-1"]
[WhiteElo "1081"]
[BlackElo "1543"]
[PlyCount "102"]
[EventDate "2010.05.22"]
[EventType "swiss"]
[EventRounds "11"]
[EventCountry "GER"]
[SourceTitle "CBM 136 Extra"]
[Source "ChessBase"]
[SourceDate "2010.07.02"]
[SourceVersion "2"]
[SourceVersionDate "2010.07.15"]
[SourceQuality "1"]

1. e4 c5 2. Nc3 Nc6 3. f4 e6 4. Nf3 Nge7 5. Bc4 g6 6. 0-0 Bg7 7. d3 0-0 8. Qe1 Re8 9. Bd2 d5 10. Bb3 Bd7 11. Qh4 Qb6 12. Qf2 Nd4 13. Kh1 Nxb3 14. axb3 a6 15. Ra2 Rad8 16. Ne2 Nc6 17. b4 Nxb4 18. Bxb4 Qxb4 19. e5 Rc8 20. Rb1 d4 21. Raa1 Qb6 22. c3 dxc3 23. bxc3 Qc7 24. Ng3 f5 25. Rc1 Red8 26. h4 Be8 27. Ng5 Qe7 28. Qa2 Rxd3 29. Kh2 c4 30. Rab1 Bb5 31. h5 h6 32. Nh3 Qh4 33. Qf2 Rcd8 34. Rb2 g5 35. fxg5 hxg5 36. Kg1 Qxg3 37. Qxg3 Rxg3 38. Kf2 f4 39. Ke1 Bxe5 40. Re2 Bxc3+ 41. Rxc3 Rxc3 42. Rxe6 Rc1+ 43. Kf2 Rd2+ 44. Kf3 Bc6+ 45. Kg4 Bd7 46. Nxg5 Bxe6+ 47. Nxe6 Rg1 48. Nxf4 Rgxg2+ 49. Kf5 c3 50. Ng6 Rxg6 51. hxg6 c2 0-1